书目信息 |
| 题名: |
画坛巨匠
|
|
| 作者: | 荆成义 编著 | |
| 分册: | 米勒素描 | |
| 出版信息: | 沈阳 辽宁美术出版社 2012.09 |
|
| 页数: | 103页 | |
| 开本: | 27×27cm | |
| 丛书名: | ||
| 单 册: | ||
| 中图分类: | J231 , J234(565) | |
| 科图分类: | ||
| 主题词: | 绘画--作品集--世界 , 人物画--素描--作品集--法国--现代 , 绘画 , 人物画 , 素描 | |
| 电子资源: | ||
| ISBN: | 978-7-5314-5167-9 | |
| 000 | 00963nam0 2200301 450 | |
| 001 | 0000500023334 | |
| 005 | 20140612094012.77 | |
| 010 | @a978-7-5314-5167-9@dCNY54.00 | |
| 100 | @a20130205d2012 em y0chiy50 ea | |
| 101 | 0 | @achi |
| 102 | @aCN@b210000 | |
| 105 | @aac z 000yy | |
| 106 | @ar | |
| 200 | 1 | @a画坛巨匠@9hua tan ju jiang@dPainting masters@i米勒素描@f荆成义编著@zeng |
| 210 | @a沈阳@c辽宁美术出版社@d2012.09 | |
| 215 | @a103页@c图,画像@d27×27cm | |
| 330 | @a本书收录的作品主要包括:戴帽子的自画像、女人体、绑在柱子上的人、秘密、女人体、洗浴的妇女、擦脚的女子、伐木的农忙、转动水车的男人等。 | |
| 510 | 1 | @aPainting masters@zeng |
| 606 | 0 | @a绘画@x作品集@y世界 |
| 606 | 0 | @a人物画@x素描@x作品集@y法国@z现代 |
| 606 | 0 | @a绘画 |
| 606 | 0 | @a人物画 |
| 606 | 0 | @a素描 |
| 690 | @aJ231@v5 | |
| 690 | @aJ234(565)@v5 | |
| 701 | 0 | @a荆成义@9jing cheng yi@4编著 |
| 801 | 0 | @aCN@b人天书店@c20130205 |
| 905 | @b549041-43@dJ231@e95:1@f3 | |
| 画坛巨匠=Painting masters.米勒素描/荆成义编著.-沈阳:辽宁美术出版社,2012.09 |
| 103页:图,画像;27×27cm |
| ISBN 978-7-5314-5167-9:CNY54.00 |
| 本书收录的作品主要包括:戴帽子的自画像、女人体、绑在柱子上的人、秘密、女人体、洗浴的妇女、擦脚的女子、伐木的农忙、转动水车的男人等。 |
| ● |
| 相关链接 |
|
|
|
|
正题名:画坛巨匠
索取号:J231/95:1
 
预约/预借
| 序号 | 登录号 | 条形码 | 馆藏地/架位号 | 状态 | 备注 |
| 1 | 549041 | 205490413 | 第一样本阅览室/ [索取号:J231/95:1] | 在馆 | |
| 2 | 549042 | 205490422 | 第一借阅区/ [索取号:J231/95:1] | 在馆 | |
| 3 | 549043 | 205490431 | 第一借阅区/ [索取号:J231/95:1] | 在馆 |